00474nam a2200181Ia 4500003000400000005001700004008004100021020002900062040001700091082002100108100001800129245006100147250001100208260002500219300001600244650001200260650002000272IIN20240125113639.0231217s9999 xx 000 0 und d cRs.375.00a9788194125419 aIINbEnglish a611 bGAR1 aGarg,Krishna  aBD Chaurasia's Handbook of General AnatomycKrishna Garg a6th ed bCBSaNew Delhic2020 axii, 372 p.1 aAnatomy1 aGeneral Anatomy